00555cam a22002291 4500001001300000003000400013005001700017008004100034010001700075025001900092035002000111040002100131042001200152050001600164100004000180245001400220260001100234300001900245500001600264650002800280999001700308sa 67005769 DLC20260227112400.0940805s1966 ii 000 1 pano  asa 67005769  aPL480:I-Pu-779 a(OCoLC)30890854 aDLCcCUdCUdDLC apremarc00aPK2658b.S20 aPāndhī Nanakāṇawī,d1929-10aKāfale. c[1966] a230 p.c19 cm. aIn Panjabi. 0aShort stories, Panjabi. c75436d75436